000 00438nam a2200145 i 4500
001 147920
003 ES-MaACL
005 20230906202326.0
007 t|
008 071008s1915 mx ||||1| spa d
100 1 _aUrbina, F.
_9112089
245 1 3 _aLa cuestión del petróleo en México desde el punto de vista geológico, económico e industrial /
_cF. Urbina.
260 _aMéxico :
_b[s.n.],
_c1915.
852 _aES-MaACL
_j1515-F-15
999 _c147920
_d147920